It looks like you're offline.
Open Library logo
additional options menu

MARC record from Internet Archive

LEADER: 01248cam a2200325 a 4500
001 93207439
003 DLC
005 20110609081140.0
008 930917s1991 nyua 000 0 eng d
010 $a 93207439
020 $a0936756764
035 $a(OCoLC)26865485
040 $aMnM$cMnM$dKPT$dDLC
042 $alccopycat
050 00 $aHX833$b.H35 1991
051 $aHX833$b.H35 1991 Copy 2$cAdditional gift: Estate of Paul Avrich, 2006. Has inscription on half t.p.
100 0 $aHakim Bey.
245 10 $aT.A.Z. :$bthe temporary autonomous zone, ontological anarchy, poetic terrorism /$cHakim Bey.
246 3 $aTAZ
246 30 $aTemporary autonomous zone, ontological anarchy, poetic terrorism
260 $aBrooklyn, NY :$bAutonomedia,$c1991.
300 $aviii, 141 p. :$bill. ;$c18 cm.
490 0 $aNew autonomy series
500 $a"Anti-copyright, 1985, 1991"--T.p. verso.
505 0 $aChaos : the broadsheets of ontological anarchism -- Communiques of the Association for Ontological Anarchy -- The temporary autonomous zone.
650 0 $aAnarchism.
650 0 $aDeviant behavior.
650 0 $aGovernment, Resistance to.
700 0 $aHakim Bey,$einscriber.$5DLC
710 2 $aPaul Avrich Collection (Library of Congress)$5DLC